Villes Françaises en A - Statistiques

Statistiques générales
  • Ce quiz a été pris 94 fois
  • Le résultat moyen est 8 sur 16
Statistiques - réponses
Par images Réponse % Correct
Annecy
83%
Amiens
81%
Angers
81%
Arles
77%
Avignon
71%
Ajaccio
58%
Aix-en-Provence
57%
Albi
57%
Arras
55%
Antibes
50%
Angoulême
42%
Agen
38%
Argenteuil
31%
Aubagne
18%
Asnières-sur-Seine
17%
Antony
14%
Aucun quiz correspondant
Distribution des résultats
% des personnes avec chaque résultat
Percentile par nombre de réponses
Votre historique - résultats
Vous n’avez pas pris ce quiz